000 00677nam a2200217 i 4500
001 115176
003 ES-MaACL
005 20250707062615.0
007 t|
008 070223s1908 sp ||||1| spa d
080 _a821.134.2-32"19"
100 1 _aRépide, Pedro de,
_d1882-1948
_996267
245 1 3 _aEl solar de la bolera
_b: novela /
_cde Pedro de Répide ; ilustraciones de A. Míra.
260 _aMadrid :
_bEl Cuento Semanal,
_c1908.
300 _a20 p. :
_bil. ;
_c26 cm.
490 1 _aEl cuento semanal ;
_v59
700 1 _aMíra, A.
_c, ilustrador.
_981441
830 0 3 _aEl cuento semanal
_v59
_9185957
852 _aES-MaACL
_jG-4441(7)
999 _c115176
_d115176